Thermal conductivity of solids
Guardat en:
| Autors principals: | , |
|---|---|
| Format: | Llibre |
| Idioma: | anglès |
| Publicat: |
Londres
Pion
1975
|
| Matèries: | |
| Etiquetes: |
Afegir etiqueta
Sense etiquetes, Sigues el primer a etiquetar aquest registre!
|
MARC
| LEADER | 00000nam a2200000 a 4500 | ||
|---|---|---|---|
| 001 | UCU1787 | ||
| 003 | CL-VaPUC | ||
| 008 | 960412e19750000UK |||||||||||||||||eng|d | ||
| 082 | 0 | 4 | |a 536.23 |b PAR |2 21 |
| 100 | |a Parrott, J. E. |q (John Edwin) |e author |9 357580 | ||
| 700 | 0 | |a Stuckes, D |e author |9 357581 | |
| 245 | 1 | 0 | |a Thermal conductivity of solids |
| 300 | |a 157 p | ||
| 942 | |c BK | ||
| 945 | |d 19960412 00:00:00 |a rleighto | ||
| 260 | |a Londres |b Pion |c 1975 | ||
| 650 | 7 | |a CONDUCTORES |2 CL-VaPUC |9 327717 | |
| 650 | 7 | |a LEYES DE FOURIER |2 CL-VaPUC |9 357582 | |
| 650 | 0 | |a Conductores eléctricos |9 263132 | |
| 650 | 0 | |a Dinámica |9 260136 | |
| 650 | 0 | |a Sólidos |9 260188 | |
| 650 | 7 | |a ELECTRONES |2 CL-VaPUC |9 322158 | |
| 583 | |a last modification |c 19960412 00:00:00 |k Rodrigo Vera | ||
| 999 | |c 246298 |d 246296 | ||
| 952 | |0 0 |1 0 |4 0 |6 536_230000000000000_PAR_1975 |7 0 |8 A |9 261151 |a BIBCUR |b BIBCUR |d 2019-11-19 |i 3179516 |o 536.23 PAR 1975 |p 3179516 |r 2025-04-22 |w 2019-11-19 |y BK |k BCB | ||